Представление документа в формате RUSMARC

ПолеНазваниеЗначение
  Тип записи a
  Библиографический уровень c
001 Контрольный номер RU/SLIB/B/246798370
005 Дата корректировки 20201206204534.2
010 Индекс ISBN __
d Цена 120-00
101 Язык документа 0_
a Язык текста rus
c Язык оригинала rus
200 Заглавие и сведения об ответственности 1_
a Заглавие Ветераны
e Сведения, относящиеся к заглавию из истории развития нефтяной и газовой пром-ти : воспоминания
f Первые сведения об ответственности Нефтяная компания "Роснефть" ; [ред. совет: Т. Ф. Рустамбеков и др.]
b Общее обозначение материала Текст
h Номер части Вып. 16
210 Выходные данные __
a Место издания М.
c Издательство Нефтян. хоз-во
d Дата издания 2004
215 Физическое описание __
a Объем 215 с.
320 Библиография __
a Библиография Алф. указ. ст., опубликован. в сб. "Ветераны" 1991-2004 гг., №1-15: с. 203-210
330 Аннотация __
a Аннотация Публикация воспоминаний старейших и заслуженных специалистов нефтяной и газовой промышленности, организованная Советом ветеранов нефтяной компании Роснефть.
600 Персоналии __
a Персоналии (Фамилия) Оруджев С. А.
601 Наименование организации как предмет __
a Наименование организации как предмет Гипротюменнефтегаз
601 Наименование организации как предмет __
a Наименование организации как предмет Пурнефтегаз
601 Наименование организации как предмет __
a Наименование организации как предмет Западно-Сибирский нефтегазовый комплекс
601 Наименование организации как предмет __
a Наименование организации как предмет Совет ветеранов нефтяной компании "Роснефть"
601 Наименование организации как предмет __
a Наименование организации как предмет Грозненский нефтяной институт им. акад. М. Д. Миллионщикова
601 Наименование организации как предмет __
a Наименование организации как предмет Нефтяной институт им. акад. М. Д. Миллионщикова
601 Наименование организации как предмет __
a Наименование организации как предмет Музей истории РГУ нефти и газа им. И. М. Губкина
606 Тематические рубрики __
a Основная рубрика Экономика
a Основная рубрика Экономика топливной промышленности
z Хронологическая подрубрика 20 в.
y Географическая подрубрика Россия; Западная Сибирь
610 Ключевые слова __
a Ключевые слова краеведение; ветераны труда; воспоминания; история промышленности; история нефтяной промышленности; ученые; биографии; нефтяники; музеи
686 Индексы других классификаций __
a Классификационный индекс К65.305.143(2Рос-4Тюм)
702 Вторичная интеллектуальная ответственность _1
a Фамилия Рустамбеков
b Имя Т. Ф.
4 Код отношения Редактор
4 Код отношения 340
702 Вторичная интеллектуальная ответственность _1
a Фамилия Гирбасов
b Имя Г. П.
4 Код отношения Редактор
4 Код отношения 340
702 Вторичная интеллектуальная ответственность _1
a Фамилия Еронин
b Имя Н. М.
4 Код отношения Редактор
4 Код отношения 340
702 Вторичная интеллектуальная ответственность _1
a Фамилия Барановский
b Имя В. Д.
4 Код отношения Редактор
4 Код отношения 340
801 Источник записи _0
a Страна RU
b Организация Муниципальное бюджетное учреждение культуры "Централизованная библиотечная система" г. Сургут (Центральная городская библиотека им. А. С. Пушкина)
g Правила каталогизации КиК/Елгина
801 Источник записи _1
a Страна RU
b Организация Муниципальное бюджетное учреждение культуры "Централизованная библиотечная система" г. Сургут (Центральная городская библиотека им. А. С. Пушкина)
g Правила каталогизации КиК/Елгина
852 Данные о местонахождении __
j Шифр хранения К65.305.143(2Рос-4Тюм)
c Каталожный индекс К65.304.13(2Рос-4Тюм)
i Авторский знак В 39
901 Тип документа __
t Тип документа x
903 Характеристики (МАРС) __
a Дата передачи 20071029
969 Тип издания __
a Тип издания сборник
990 Данные о заказе (DOS) __
j Количество экземпляров (DOS) 1
t N записи в КСУ для И/У (DOS) 200711